[Event "Cheliabinsk-ch 1L op"]
[Site "Cheliabinsk"]
[Date "2010.01.21"]
[Round "5"]
[White "Zorin, Yuri"]
[Black "Muhametshin, Marat"]
[Result "0-1"]
[WhiteElo "1857"]
[BlackElo "1874"]
[PlyCount "54"]
[EventDate "2010.01.??"]
[EventType "swiss"]
[EventRounds "9"]
[EventCountry "RUS"]
[SourceTitle "EXT 2012"]
[Source "ChessBase"]
[SourceDate "2011.11.24"]
[SourceVersion "1"]
[SourceVersionDate "2011.11.24"]
[SourceQuality "1"]

1. d4 d5 2. e3 e6 3. Bd3 Nf6 4. Nd2 b6 5. Qe2 c5 6. c3 Bb7 7. Ngf3 Be7 8. 0-0 0-0 9. Ne5 Nc6 10. f4 h6 11. Qf3 Nh7 12. g4 Rb8 13. b3 Nxe5 14. fxe5 Ng5 15. Qg2 c4 16. Be2 f6 17. exf6 Rxf6 18. Rxf6 Bxf6 19. Ba3 cxb3 20. axb3 Qc7 21. Rc1 Be7 22. Bxe7 Qxe7 23. h4 Nf7 24. Nf3 e5 25. g5 exd4 26. exd4 Qe3+ 27. Kh2 Qxc1 0-1

[Event "Cheliabinsk-ch 1L op"]
[Site "Cheliabinsk"]
[Date "2009.01.10"]
[Round "2"]
[White "Muhametshin, Marat"]
[Black "Znamensky, Nikolai"]
[Result "1/2-1/2"]
[WhiteElo "1874"]
[BlackElo "1791"]
[PlyCount "39"]
[EventDate "2010.01.??"]
[EventType "swiss"]
[EventRounds "9"]
[EventCountry "RUS"]
[SourceTitle "EXT 2012"]
[Source "ChessBase"]
[SourceDate "2011.11.24"]
[SourceVersion "1"]
[SourceVersionDate "2011.11.24"]
[SourceQuality "1"]

1. e4 Nf6 2. e5 Nd5 3. c4 Nb6 4. Nc3 d6 5. Nf3 Nc6 6. exd6 cxd6 7. Be2 Bg4 8. 0-0 Bxf3 9. Bxf3 Nxc4 10. d4 g6 11. Qa4 Nb6 12. Bxc6+ bxc6 13. Qxc6+ Qd7 14. Qf3 Bg7 15. Be3 0-0 16. Rfe1 e6 17. Rad1 d5 18. Ne2 Rac8 19. Nf4 Qa4 20. a3 1/2-1/2

[Event "Cheliabinsk CC-ch Seniors"]
[Site "Cheliabinsk"]
[Date "2007.08.21"]
[Round "7"]
[White "Matiushinsky, Vladimir"]
[Black "Muhametshin, Marat"]
[Result "1-0"]
[WhiteElo "2041"]
[BlackElo "1967"]
[PlyCount "65"]
[EventDate "2007.07.29"]
[EventType "tourn"]
[EventRounds "7"]
[EventCountry "RUS"]
[SourceTitle "EXT 2022"]
[Source "ChessBase"]
[SourceDate "2021.10.06"]
[SourceVersion "1"]
[SourceVersionDate "2021.10.06"]
[SourceQuality "1"]

1. e4 e5 2. Nf3 Nc6 3. Bb5 a6 4. Ba4 Bc5 5. c3 Nf6 6. 0-0 d6 7. d4 exd4 8. cxd4 Ba7 9. d5 b5 10. dxc6 bxa4 11. e5 Ng4 12. Bg5 f6 13. exf6 Nxf6 14. Re1+ Kf7 15. Qxa4 Be6 16. Nc3 h6 17. Bh4 g5 18. Bxg5 Bxf2+ 19. Kxf2 Ng4+ 20. Kg3 hxg5 21. Rxe6 Kxe6 22. Qxg4+ Kf7 23. Nxg5+ Qxg5 24. Qxg5 Rag8 25. Rf1+ Ke8 26. h4 Rxg5+ 27. hxg5 Rg8 28. Kg4 Ke7 29. Rf6 Rb8 30. Nd5+ Ke8 31. Nxc7+ Ke7 32. Nd5+ Ke8 33. b3 1-0